[Event "26th Klatovy B 2018"]
[Site "Klatovy CZE"]
[Date "2018.07.02"]
[Round "3.23"]
[White "Dolejs, Jakub"]
[Black "Simacek, Vaclav"]
[Result "0-1"]
[WhiteElo "1447"]
[BlackElo "1868"]
[PlyCount "52"]
[EventDate "2018.06.30"]
[EventType "swiss"]
[EventRounds "9"]
[EventCountry "CZE"]

1. d4 Nf6 2. c4 c5 3. d5 b5 4. cxb5 a6 5. bxa6 Nxa6 6. Nc3 Bb7 7. e4 e6 8. Bg5 h6 9. Bh4 g5 10. Bg3 Qb6 11. Be5 Bg7 12. Bb5 O-O 13. Bxf6 Bxf6 14. Nge2 exd5 15. exd5 Bxc3+ 16. Nxc3 Rfe8+ 17. Kd2 Nc7 18. Qb3 Qf6 19. Bxd7 Qxf2+ 20. Kc1 Qe3+ 21. Kc2 Ba6 22. Bxe8 Bd3+ 23. Kd1 Rxe8 24. a4 Na6 25. d6 Nb4 26. d7 Be2+ 0-1

[Event "26th Klatovy B 2018"]
[Site "Klatovy CZE"]
[Date "2018.07.02"]
[Round "3.24"]
[White "Soucek, Jan"]
[Black "Leseticky, Vladimir"]
[Result "1/2-1/2"]
[WhiteElo "1440"]
[BlackElo "1730"]
[PlyCount "58"]
[EventDate "2018.06.30"]
[EventType "swiss"]
[EventRounds "9"]
[EventCountry "CZE"]

1. e4 d5 2. exd5 Nf6 3. Nf3 e6 4. dxe6 Bxe6 5. Nc3 Bb4 6. a3 Bd6 7. d4 O-O 8. Be2 Nc6 9. Bg5 Be7 10. O-O Nd5 11. Bxe7 Qxe7 12. Nxd5 Bxd5 13. c3 Rad8 14. Re1 Qf6 15. Qc2 Rfe8 16. Rad1 h6 17. Nd2 Qe7 18. h3 Qh4 19. Bf3 Bxf3 20. Nxf3 Qf4 21. Qb3 b6 22. Qb5 Rxe1+ 23. Rxe1 Rd6 24. Ne5 a6 25. Qxa6 Nxe5 26. Rxe5 Qc1+ 27. Kh2 Qf4+ 28. Kg1 Qc1+ 29. Kh2 Qf4+ 1/2-1/2

[Event "26th Klatovy B 2018"]
[Site "Klatovy CZE"]
[Date "2018.07.02"]
[Round "3.25"]
[White "Ruzickova, Helena"]
[Black "Macho, Miloslav"]
[Result "0-1"]
[WhiteElo "1422"]
[BlackElo "1710"]
[PlyCount "100"]
[EventDate "2018.06.30"]
[EventType "swiss"]
[EventRounds "9"]
[EventCountry "CZE"]

1. e4 Nf6 2. e5 Nd5 3. d4 d6 4. Bc4 Nb6 5. Bd3 Nc6 6. Nf3 Bg4 7. Bb5 a6 8. Bxc6+ bxc6 9. Qd3 e6 10. O-O d5 11. Nbd2 Bf5 12. Qc3 Qd7 13. b3 Be7 14. h3 O-O 15. Nh2 a5 16. a4 Bb4 17. Qb2 Rab8 18. c3 Be7 19. Qa2 c5 20. dxc5 Bxc5 21. Ba3 Be7 22. Rac1 c5 23. Ndf3 c4 24. Bxe7 Qxe7 25. Nd4 cxb3 26. Nxb3 Bd3 27. Rfe1 Bc4 28. Rb1 Qe8 29. Qa1 Bd3 30. Rbc1 Nxa4 31. Nxa5 Qb5 32. Re3 Be4 33. c4 Qxa5 34. Ra3 Qd2 35. Nf1 Qg5 36. Rg3 Qf4 37. Ne3 Nb2 38. Ng4 Kh8 39. cxd5 Bxd5 40. Rc2 Qb4 41. Qc1 Be4 42. Rc7 Nd3 43. Qg5 Qe1+ 44. Kh2 Rb1 45. Re3 Qg1+ 46. Kg3 Qxg2+ 47. Kh4 Bg6 48. Rg3 Qe4 49. Qe7 Rbb8 50. Rc1 Nxc1 0-1

[Event "26th Klatovy B 2018"]
[Site "Klatovy CZE"]
[Date "2018.07.02"]
[Round "3.26"]
[White "Mareska, Daniel"]
[Black "Garabik, Marek"]
[Result "1/2-1/2"]
[WhiteElo "1697"]
[BlackElo "1399"]
[PlyCount "41"]
[EventDate "2018.06.30"]
[EventType "swiss"]
[EventRounds "9"]
[EventCountry "CZE"]

1. Nf3 g6 2. d4 Bg7 3. c4 Nf6 4. g3 O-O 5. Bg2 d6 6. O-O Nbd7 7. Nc3 e5 8. e3 Re8 9. Qc2 Nh5 10. dxe5 Nxe5 11. Nxe5 Rxe5 12. b3 f5 13. Bb2 Re8 14. Nd5 Bxb2 15. Qxb2 Rf8 16. Rad1 Nf6 17. Nxf6+ Qxf6 18. Qxf6 Rxf6 19. Rd4 Rb8 20. Re1 b6 21. Bd5+ 1/2-1/2

[Event "26th Klatovy B 2018"]
[Site "Klatovy CZE"]
[Date "2018.07.02"]
[Round "3.27"]
[White "Kovar, Vaclav 1953"]
[Black "Janous, Marek"]
[Result "1/2-1/2"]
[WhiteElo "1688"]
[BlackElo "1394"]
[PlyCount "100"]
[EventDate "2018.06.30"]
[EventType "swiss"]
[EventRounds "9"]
[EventCountry "CZE"]

1. d4 Nf6 2. c4 g6 3. Nc3 Bg7 4. Nf3 O-O 5. g3 d6 6. Bg2 Re8 7. O-O Nbd7 8. Re1 c5 9. d5 Nb6 10. Qd3 Bg4 11. e4 Nfd7 12. Bg5 Bxf3 13. Bxf3 Ne5 14. Qe2 Nxf3+ 15. Qxf3 Nxc4 16. b3 Ne5 17. Qe3 Qa5 18. Rac1 Nd7 19. Bh6 Ne5 20. Bxg7 Kxg7 21. f4 Nd7 22. e5 Qb4 23. e6 fxe6 24. Qxe6 Nf6 25. Ne4 Qd4+ 26. Kg2 Qxd5 27. Qxd5 Nxd5 28. Re2 h6 29. Rce1 Kf7 30. Kf3 a6 31. g4 Nf6 32. Ng3 Nd7 33. h4 b5 34. h5 gxh5 35. gxh5 e6 36. Ne4 Ke7 37. Ng3 Kf7 38. Ne4 Ke7 39. Ng3 Nf8 40. Nf5+ Kd7 41. Nxh6 c4 42. Ng4 Nh7 43. Rd1 Kc6 44. Red2 d5 45. Ne5+ Kc7 46. bxc4 bxc4 47. Nxc4 Nf6 48. Ne5 Nxh5 49. Rc1+ Kd6 50. Rb2 Rac8 1/2-1/2

[Event "26th Klatovy B 2018"]
[Site "Klatovy CZE"]
[Date "2018.07.02"]
[Round "3.28"]
[White "Bauer, Jan 2005"]
[Black "Vavrousek, Petr"]
[Result "1/2-1/2"]
[WhiteElo "1415"]
[BlackElo "1686"]
[PlyCount "40"]
[EventDate "2018.06.30"]
[EventType "swiss"]
[EventRounds "9"]
[EventCountry "CZE"]

1. d4 d5 2. Nf3 Nf6 3. e3 Bf5 4. c4 e6 5. Qb3 Qc8 6. Nc3 c6 7. Nh4 Bg6 8. Nxg6 hxg6 9. Bd3 Bd6 10. h3 Nbd7 11. Bd2 e5 12. cxd5 exd4 13. exd4 Nb6 14. dxc6 bxc6 15. O-O-O Rb8 16. Rhe1+ Kf8 17. Ne4 Nxe4 18. Bxe4 Nd5 19. Qf3 Qb7 20. Bc3 f5 1/2-1/2

[Event "26th Klatovy B 2018"]
[Site "Klatovy CZE"]
[Date "2018.07.02"]
[Round "3.29"]
[White "Stanke, Vilem"]
[Black "Krobot, Jan"]
[Result "0-1"]
[WhiteElo "1366"]
[BlackElo "1680"]
[PlyCount "56"]
[EventDate "2018.06.30"]
[EventType "swiss"]
[EventRounds "9"]
[EventCountry "CZE"]

1. e4 c5 2. Nf3 d6 3. d4 cxd4 4. Nxd4 Nf6 5. Nc3 a6 6. Be2 e6 7. O-O Be7 8. f4 O-O 9. Qe1 Nc6 10. Be3 Qc7 11. Qg3 Kh8 12. Kh1 Bd7 13. Bf3 Rab8 14. Nxc6 bxc6 15. e5 dxe5 16. fxe5 Nd5 17. Bd4 c5 18. Nxd5 exd5 19. e6 Qxg3 20. hxg3 Bxe6 21. Bc3 d4 22. Ba5 Rxb2 23. Be2 Rxc2 24. Bxa6 Bd5 25. Rg1 f5 26. Bd3 Rf6 27. Rge1 Rh6+ 28. Kg1 Rxg2+ 0-1

[Event "26th Klatovy B 2018"]
[Site "Klatovy CZE"]
[Date "2018.07.02"]
[Round "3.30"]
[White "Skalny, Petr"]
[Black "Stanke, Petr"]
[Result "1/2-1/2"]
[WhiteElo "1665"]
[BlackElo "1378"]
[PlyCount "37"]
[EventDate "2018.06.30"]
[EventType "swiss"]
[EventRounds "9"]
[EventCountry "CZE"]

1. f4 e6 2. Nf3 d5 3. d4 f5 4. e3 Nf6 5. Bd3 Be7 6. Ne5 Nbd7 7. Nd2 c5 8. c3 O-O 9. Ndf3 c4 10. Bc2 Ne4 11. Bd2 Ndf6 12. O-O Nxd2 13. Qxd2 Ne4 14. Qe2 Bd7 15. Nxd7 Qxd7 16. Ne5 Qc7 17. Qh5 b5 18. Bxe4 dxe4 19. Rad1 1/2-1/2

[Event "26th Klatovy B 2018"]
[Site "Klatovy CZE"]
[Date "2018.07.02"]
[Round "3.31"]
[White "Koci, Milos"]
[Black "Privoznik, Lubos"]
[Result "1/2-1/2"]
[WhiteElo "1345"]
[BlackElo "1665"]
[PlyCount "57"]
[EventDate "2018.06.30"]
[EventType "swiss"]
[EventRounds "9"]
[EventCountry "CZE"]

1. d4 Nf6 2. Bf4 g6 3. Nf3 Bg7 4. e3 d6 5. Be2 O-O 6. h3 c5 7. c3 Qb6 8. Qb3 Be6 9. Qxb6 axb6 10. a3 Nc6 11. Nbd2 Na5 12. O-O h6 13. Rfe1 Nd5 14. Bh2 Rfc8 15. Bd3 Nc7 16. Bf4 c4 17. Be4 d5 18. Bc2 Nc6 19. e4 b5 20. e5 Bd7 21. Bg3 Ne6 22. Kh1 Bf8 23. Bh2 Ng7 24. Nh4 g5 25. Nhf3 Bf5 26. Bxf5 Nxf5 27. g4 Ng7 28. Ng1 Ne6 29. Ne2 1/2-1/2

[Event "26th Klatovy B 2018"]
[Site "Klatovy CZE"]
[Date "2018.07.02"]
[Round "3.32"]
[White "Filip, Stepan"]
[Black "Vavrinkova, Jitka"]
[Result "1/2-1/2"]
[WhiteElo "1307"]
[BlackElo "1637"]
[PlyCount "51"]
[EventDate "2018.06.30"]
[EventType "swiss"]
[EventRounds "9"]
[EventCountry "CZE"]

1. e4 e6 2. d4 d5 3. exd5 exd5 4. Nf3 Bd6 5. Bd3 Nf6 6. O-O O-O 7. Bg5 c6 8. Re1 Bg4 9. c3 Nbd7 10. Nbd2 Qc7 11. Qc2 h6 12. Bh4 Rfe8 13. h3 Be6 14. Bxf6 Nxf6 15. Ne5 c5 16. Rac1 c4 17. Bf5 Nh5 18. g3 Re7 19. Re2 Rae8 20. Rce1 Qc8 21. Bxe6 Rxe6 22. Ndf3 Qc7 23. Kf1 Qe7 24. a3 Qf6 25. Kg2 Qe7 26. Kf1 1/2-1/2

[Event "26th Klatovy B 2018"]
[Site "Klatovy CZE"]
[Date "2018.07.02"]
[Round "3.33"]
[White "Stvan, Marek"]
[Black "Prazak, Daniel"]
[Result "1/2-1/2"]
[WhiteElo "1637"]
[BlackElo "1364"]
[PlyCount "67"]
[EventDate "2018.06.30"]
[EventType "swiss"]
[EventRounds "9"]
[EventCountry "CZE"]

1. e4 c6 2. d4 d5 3. e5 Bf5 4. Ne2 e6 5. Ng3 Bg6 6. Nd2 Nd7 7. Nf3 h6 8. c3 Ne7 9. Nh4 Bh7 10. Bd3 Bxd3 11. Qxd3 c5 12. O-O Nc6 13. Nf3 Be7 14. a3 O-O 15. Nh5 Re8 16. b4 cxd4 17. cxd4 Rc8 18. Bb2 Nb6 19. Nd2 a6 20. Rac1 Qd7 21. Qg3 g6 22. Nf4 Bf8 23. h4 Bg7 24. Nd3 h5 25. Nc5 Qc7 26. f4 Nd7 27. Ndb3 Nb6 28. Nd2 Nd7 29. Nxd7 Qxd7 30. Nb3 b6 31. Rf3 Ne7 32. Rfc3 Nf5 33. Qf2 Rxc3 34. Rxc3 1/2-1/2

[Event "26th Klatovy B 2018"]
[Site "Klatovy CZE"]
[Date "2018.07.02"]
[Round "3.34"]
[White "Krejbich, Lukas"]
[Black "Svec, Vitezslav"]
[Result "0-1"]
[WhiteElo "1299"]
[BlackElo "1632"]
[PlyCount "68"]
[EventDate "2018.06.30"]
[EventType "swiss"]
[EventRounds "9"]
[EventCountry "CZE"]

1. e4 d6 2. Nc3 Nf6 3. Bc4 e5 4. h3 Be7 5. Nf3 Nbd7 6. d3 c6 7. Ng5 O-O 8. O-O h6 9. Nf3 b5 10. Bb3 Nc5 11. Nh4 Nxb3 12. axb3 d5 13. Qe2 d4 14. Nd1 Re8 15. g4 Nxg4 16. Nf5 Bxf5 17. exf5 Nf6 18. Qf3 Qd5 19. Qg3 Kh7 20. c4 Qd6 21. Kh2 Nh5 22. Qg4 e4+ 23. f4 Nf6 24. Qg3 e3 25. Rg1 Rg8 26. Qh4 b4 27. Ra5 c5 28. Qg3 Nh5 29. Qg4 Qxf4+ 30. Qxf4 Nxf4 31. Rg4 Nxd3 32. Bxe3 dxe3 33. Nxe3 Rge8 34. Ra1 Bd6+ 0-1

[Event "26th Klatovy B 2018"]
[Site "Klatovy CZE"]
[Date "2018.07.02"]
[Round "3.35"]
[White "Devera, Filip"]
[Black "Svejdar, Pavel"]
[Result "0-1"]
[WhiteElo "1209"]
[BlackElo "1614"]
[PlyCount "68"]
[EventDate "2018.06.30"]
[EventType "swiss"]
[EventRounds "9"]
[EventCountry "CZE"]

1. e4 e5 2. Nf3 Nc6 3. Bc4 Bc5 4. b4 Bxb4 5. c3 Be7 6. d4 exd4 7. cxd4 d6 8. O-O Bg4 9. h3 Bh5 10. Qd3 Nf6 11. e5 dxe5 12. dxe5 Qxd3 13. Bxd3 Nd7 14. Bb2 Bxf3 15. gxf3 Ncxe5 16. Be4 c6 17. Nd2 Bf6 18. Rfe1 O-O 19. Kg2 Rad8 20. Rad1 Ng6 21. Ba3 Rfe8 22. Nc4 Be7 23. Nd6 Bxd6 24. Bxd6 Nb6 25. Bc7 Rxd1 26. Rxd1 Rc8 27. Bg3 Nf8 28. Bf5 Re8 29. Be4 g6 30. Re1 Ne6 31. Bc2 Rd8 32. Bb3 Nd4 33. Rd1 Rd7 34. Bb8 Nxb3 0-1

[Event "26th Klatovy B 2018"]
[Site "Klatovy CZE"]
[Date "2018.07.02"]
[Round "3.36"]
[White "Vasko, Pavel"]
[Black "Filip, Petr 1952"]
[Result "1-0"]
[WhiteElo "1610"]
[BlackElo "1354"]
[PlyCount "87"]
[EventDate "2018.06.30"]
[EventType "swiss"]
[EventRounds "9"]
[EventCountry "CZE"]

1. e4 e5 2. Nf3 Nc6 3. Bc4 b6 4. d3 h6 5. O-O Bb7 6. c3 Qe7 7. b4 O-O-O 8. a4 a6 9. Ba3 Qf6 10. Nbd2 g5 11. h3 h5 12. Nh2 Qg6 13. f3 Nge7 14. Rf2 f5 15. Ndf1 d5 16. exd5 Nxd5 17. Bb2 Nf4 18. Bc1 Nxh3+ 19. gxh3 Bd6 20. Rg2 Be7 21. Qe2 Bf6 22. Ne3 e4 23. Be6+ Kb8 24. Bxf5 exd3 25. Qd2 Qg7 26. Ra3 Ne5 27. Be4 Nxf3+ 28. Bxf3 Bxf3 29. Nxf3 Rhe8 30. c4 Qd7 31. Nd5 Bh8 32. Bb2 g4 33. hxg4 hxg4 34. Nh2 Be5 35. Bxe5 Rxe5 36. Rxd3 Qxa4 37. Re2 Qa1+ 38. Kg2 g3 39. Nf3 Rxe2+ 40. Qxe2 Qg7 41. Re3 Kb7 42. Re7 Qg8 43. Rxc7+ Kb8 44. Qe7 1-0

[Event "26th Klatovy B 2018"]
[Site "Klatovy CZE"]
[Date "2018.07.02"]
[Round "3.37"]
[White "Vavrinkova, Marie"]
[Black "Zimovcak, Zdenek"]
[Result "0-1"]
[WhiteElo "1132"]
[BlackElo "1609"]
[PlyCount "78"]
[EventDate "2018.06.30"]
[EventType "swiss"]
[EventRounds "9"]
[EventCountry "CZE"]

1. e4 e5 2. Nf3 Nc6 3. Bb5 Nge7 4. O-O a6 5. Be2 Ng6 6. c3 d5 7. exd5 Qxd5 8. d4 exd4 9. Re1 Be7 10. Nxd4 Nxd4 11. cxd4 O-O 12. Nc3 Qd8 13. Be3 c6 14. d5 cxd5 15. Qxd5 Bf6 16. Rab1 Qc7 17. Ne4 Be5 18. h3 Be6 19. Qc5 Bxa2 20. Rbc1 Qb8 21. Qa3 Bd5 22. Nc5 Rd8 23. Na4 Bf4 24. Nb6 Bxe3 25. Qxe3 Ra7 26. Red1 Bc6 27. Rxd8+ Qxd8 28. Rd1 Qb8 29. Qd4 h6 30. Nc8 Qxc8 31. Qxa7 Nf4 32. Bc4 Bxg2 33. Bd3 Bxh3 34. Qe3 Qg4+ 35. Qg3 Qxd1+ 36. Kh2 Nxd3 37. Qxh3 Qb3 38. Qc8+ Kh7 39. Qf5+ g6 0-1

[Event "26th Klatovy B 2018"]
[Site "Klatovy CZE"]
[Date "2018.07.02"]
[Round "3.38"]
[White "Kirs, Pavel"]
[Black "Juhanak, Daniel"]
[Result "1/2-1/2"]
[WhiteElo "1579"]
[BlackElo "1317"]
[PlyCount "53"]
[EventDate "2018.06.30"]
[EventType "swiss"]
[EventRounds "9"]
[EventCountry "CZE"]

1. e4 e6 2. d4 d5 3. Nd2 c5 4. exd5 exd5 5. Bb5+ Bd7 6. Qe2+ Be7 7. dxc5 Nf6 8. b4 Nc6 9. Bxc6 Bxc6 10. Ngf3 O-O 11. O-O Re8 12. Qd3 Qc7 13. Nd4 Ng4 14. N2f3 Bf6 15. c3 a5 16. Nxc6 bxc6 17. h3 Ne5 18. Nxe5 Qxe5 19. Bd2 axb4 20. cxb4 Qe4 21. Qxe4 Rxe4 22. Rae1 Rxa2 23. Rxe4 dxe4 24. Rd1 Rc2 25. Kf1 Kf8 26. Be1 Be5 27. Rd2 1/2-1/2

[Event "26th Klatovy B 2018"]
[Site "Klatovy CZE"]
[Date "2018.07.02"]
[Round "3.39"]
[White "Mykiska, Vojtech"]
[Black "Lhotsky, Zdenek 1966"]
[Result "1-0"]
[WhiteElo "1576"]
[BlackElo "1305"]
[PlyCount "41"]
[EventDate "2018.06.30"]
[EventType "swiss"]
[EventRounds "9"]
[EventCountry "CZE"]

1. e4 c5 2. Nf3 Nf6 3. e5 Nd5 4. d4 e6 5. Bg5 Be7 6. Bxe7 Qxe7 7. Nbd2 d6 8. exd6 Qxd6 9. Ne4 Qb6 10. dxc5 Qxb2 11. Nd6+ Kd7 12. Bb5+ Nc6 13. O-O b6 14. Rb1 Qc3 15. Nxf7 Bb7 16. N3e5+ Kc7 17. cxb6+ axb6 18. Nxc6 Bxc6 19. Bxc6 Qxc6 20. Nxh8 Rxh8 21. Qd4 1-0

[Event "26th Klatovy B 2018"]
[Site "Klatovy CZE"]
[Date "2018.07.02"]
[Round "3.40"]
[White "Gorej, Vojtech"]
[Black "Rychtecky, Pavel"]
[Result "1/2-1/2"]
[WhiteElo "1633"]
[BlackElo "1547"]
[PlyCount "119"]
[EventDate "2018.06.30"]
[EventType "swiss"]
[EventRounds "9"]
[EventCountry "CZE"]

1. e4 e5 2. Nf3 Nc6 3. Bc4 Nf6 4. Nc3 Bb4 5. d3 d6 6. Bd2 O-O 7. Nd5 Bxd2+ 8. Qxd2 h6 9. O-O Bg4 10. Qe3 Na5 11. Nxf6+ Qxf6 12. Bb3 a6 13. h3 Nxb3 14. axb3 Bxf3 15. Qxf3 Qxf3 16. gxf3 Rad8 17. c4 f5 18. Kg2 Rf6 19. exf5 Rxf5 20. Rae1 Rdf8 21. Re3 c5 22. Rg1 R8f6 23. Kg3 Kf7 24. Ra1 Rg6+ 25. Kh2 Ke6 26. Ra4 Kd7 27. h4 Rf4 28. Kh3 Rg1 29. b4 cxb4 30. Rxb4 Kc6 31. Ra4 Rh1+ 32. Kg3 Rhxh4 33. Re4 Rxe4 34. fxe4 Rh1 35. b4 Rb1 36. f4 Rb3 37. fxe5 dxe5 38. Ra5 Rxd3+ 39. Kg4 Rd4 40. Rxe5 Rxc4 41. Re7 Rxb4 42. Kf5 a5 43. Rxg7 h5 44. Rh7 a4 45. e5 Rb5 46. Rxh5 a3 47. Rh1 a2 48. Rc1+ Kd7 49. Ra1 Rb2 50. Ke4 Ke6 51. Kd4 b5 52. Kc3 Re2 53. Kb4 Kxe5 54. Kxb5 Kd4 55. Kb4 Re8 56. Kb3 Kd3 57. Rd1+ Ke2 58. Rc1 Rb8+ 59. Kxa2 Kd2 60. Rc7 1/2-1/2

[Event "26th Klatovy B 2018"]
[Site "Klatovy CZE"]
[Date "2018.07.02"]
[Round "3.41"]
[White "Kudrna, Miroslav"]
[Black "Day, Tobias"]
[Result "1/2-1/2"]
[WhiteElo "1539"]
[BlackElo "1287"]
[PlyCount "47"]
[EventDate "2018.06.30"]
[EventType "swiss"]
[EventRounds "9"]
[EventCountry "CZE"]

1. e4 c5 2. Nf3 e6 3. d4 cxd4 4. Nxd4 Nf6 5. Nc3 Nc6 6. Nb3 Be7 7. Be2 b6 8. O-O O-O 9. f4 Bb7 10. e5 Ne8 11. Bf3 Rb8 12. Be3 d6 13. exd6 Nxd6 14. Nd4 Nxd4 15. Bxd4 Bxf3 16. Rxf3 Rb7 17. Rd3 Rd7 18. Qh5 Nc4 19. Rh3 f6 20. Qxh7+ Kf7 21. Qh5+ Kg8 22. Qh7+ Kf7 23. Qh5+ Kg8 24. Qh7+ 1/2-1/2

[Event "26th Klatovy B 2018"]
[Site "Klatovy CZE"]
[Date "2018.07.02"]
[Round "3.42"]
[White "Benes, Jachym"]
[Black "Novy, Jan"]
[Result "0-1"]
[WhiteElo "1386"]
[BlackElo "1516"]
[PlyCount "78"]
[EventDate "2018.06.30"]
[EventType "swiss"]
[EventRounds "9"]
[EventCountry "CZE"]

1. e4 c5 2. Nf3 d6 3. d4 cxd4 4. Nxd4 Nc6 5. Be3 e5 6. Nb3 Nf6 7. Nc3 Be6 8. f3 Be7 9. Nd5 O-O 10. Bc4 Re8 11. Qe2 Rc8 12. O-O-O Bxd5 13. exd5 Nb4 14. a3 b5 15. axb4 bxc4 16. Na5 Qd7 17. Nxc4 Qb5 18. b3 Nxd5 19. Qd2 Nxe3 20. Qxe3 Qxb4 21. Qxa7 Ra8 22. Qe3 Ra2 23. Qd2 Bg5 24. Kb1 Bxd2 25. Kxa2 Ra8+ 26. Kb1 Qc3 27. Nb2 Qa5 28. Na4 Rc8 29. Rhf1 Bb4 30. Rf2 Rb8 31. Re2 Bc5 32. Nxc5 Qxc5 33. Kb2 Rc8 34. c4 f6 35. Red2 Rc6 36. Rd5 Qb6 37. Rb5 Qf2+ 38. Kc3 Qxg2 39. f4 Qf3+ 0-1

[Event "26th Klatovy B 2018"]
[Site "Klatovy CZE"]
[Date "2018.07.02"]
[Round "3.43"]
[White "Levinsky, Ladislav"]
[Black "Martinek, Lukas"]
[Result "1-0"]
[WhiteElo "1515"]
[BlackElo "1215"]
[PlyCount "45"]
[EventDate "2018.06.30"]
[EventType "swiss"]
[EventRounds "9"]
[EventCountry "CZE"]

1. Nf3 Nf6 2. d4 d5 3. Bf4 Bf5 4. e3 e6 5. Bd3 Bd6 6. Bg3 Bg6 7. O-O Qe7 8. Bh4 Nbd7 9. Re1 Qf8 10. c4 c5 11. cxd5 exd5 12. Bb5 a6 13. Bxd7+ Nxd7 14. dxc5 Nxc5 15. Nc3 Nd3 16. Qa4+ b5 17. Nxb5 Kd7 18. Nbd4+ Kc7 19. Qc6+ Kb8 20. Qb6+ Kc8 21. Rac1+ Nxc1 22. Rxc1+ Kd7 23. Qc6# 1-0

[Event "26th Klatovy B 2018"]
[Site "Klatovy CZE"]
[Date "2018.07.02"]
[Round "3.44"]
[White "Skutil, Frantisek"]
[Black "Kotesovec, Jaroslav"]
[Result "1-0"]
[WhiteElo "1336"]
[BlackElo "1514"]
[PlyCount "41"]
[EventDate "2018.06.30"]
[EventType "swiss"]
[EventRounds "9"]
[EventCountry "CZE"]

1. Nf3 Nc6 2. c4 e5 3. Nc3 Bc5 4. g3 Nf6 5. Bg2 d6 6. d3 h6 7. O-O O-O 8. a3 a6 9. b4 Bd4 10. Bb2 Bd7 11. e3 Ba7 12. Qc2 Qc8 13. Rfe1 Bh3 14. Bh1 Re8 15. Nd2 Qf5 16. Nde4 Ng4 17. Nd5 Rac8 18. f3 Nf6 19. Ndxf6+ gxf6 20. g4 Qf4 21. c5 1-0

[Event "26th Klatovy B 2018"]
[Site "Klatovy CZE"]
[Date "2018.07.02"]
[Round "3.45"]
[White "Stross, Frantisek 1952"]
[Black "Martinkova, Magdalena"]
[Result "1/2-1/2"]
[WhiteElo "1506"]
[BlackElo "1186"]
[PlyCount "150"]
[EventDate "2018.06.30"]
[EventType "swiss"]
[EventRounds "9"]
[EventCountry "CZE"]

1. e4 e5 2. Nf3 Nc6 3. Bc4 Nf6 4. Nc3 Nxe4 5. Bxf7+ Kxf7 6. Nxe4 d5 7. Neg5+ Ke8 8. d3 h6 9. Nh3 Bxh3 10. gxh3 Bd6 11. Bd2 Kf7 12. Qe2 Rf8 13. O-O-O Kg8 14. Rhg1 Qf6 15. Ne1 Nd4 16. Qh5 Kh7 17. c3 Ne6 18. Nc2 Nf4 19. Bxf4 Qxf4+ 20. Kb1 Rf6 21. Ne3 c6 22. Rg2 g6 23. Qe2 Qf3 24. Qxf3 Rxf3 25. Rdg1 g5 26. h4 Raf8 27. hxg5 Rxf2 28. Rxf2 Rxf2 29. Ng4 Rd2 30. Nxh6 Bf8 31. Nf7 Rxd3 32. g6+ Kg7 33. Nxe5 Rh3 34. Rg2 Bd6 35. Ng4 Bf4 36. Rf2 Be3 37. Nxe3 Rxe3 38. Rf7+ Kxg6 39. Rxb7 Re1+ 40. Kc2 Re2+ 41. Kb3 Rxh2 42. Rxa7 c5 43. Ra8 c4+ 44. Ka3 Kf5 45. Rb8 Ke4 46. Ka4 d4 47. cxd4 Kxd4 48. a3 Kd3 49. Ka5 c3 50. bxc3 Kxc3 51. a4 Rh5+ 52. Ka6 Rh6+ 53. Rb6 Rh8 54. a5 Kc4 55. Ka7 Kc5 56. a6 Rg8 57. Rb8 Rg7+ 58. Ka8 Rc7 59. Rb7 Rc8+ 60. Rb8 Rc7 61. Rb1 Kc6 62. Kb8 Rh7 63. Rb7 Rh8+ 64. Ka7 Rc8 65. Rb6+ Kc7 66. Rb2 Kc6 67. Rc2+ Kd7 68. Rb2 Kc6 69. Rb8 Kc7 70. Rb4 Kc6 71. Rd4 Kc7 72. Rf4 Kc6 73. Rf7 Rc7+ 74. Rxc7+ Kxc7 75. Ka8 Kc8 1/2-1/2

[Event "26th Klatovy B 2018"]
[Site "Klatovy CZE"]
[Date "2018.07.02"]
[Round "3.46"]
[White "Dolezal, Martin 1998"]
[Black "Safarcik, Miroslav"]
[Result "1-0"]
[WhiteElo "1247"]
[BlackElo "1505"]
[PlyCount "51"]
[EventDate "2018.06.30"]
[EventType "swiss"]
[EventRounds "9"]
[EventCountry "CZE"]

1. e4 g6 2. d4 Bg7 3. Nf3 Nf6 4. Nc3 O-O 5. e5 Ne8 6. Bc4 b6 7. Bf4 Bb7 8. Qd2 d5 9. Bd3 e6 10. Bh6 c5 11. Bxg7 Nxg7 12. Qh6 c4 13. Ng5 Qxg5 14. Qxg5 cxd3 15. cxd3 Nf5 16. Nb5 Nc6 17. Nd6 Nxd6 18. exd6 Nxd4 19. O-O Nf5 20. h4 Nxd6 21. Qe7 Rad8 22. Rac1 Rfe8 23. Qg5 Ba6 24. Rfd1 Kg7 25. Rc7 Rc8 26. Qe5+ 1-0

[Event "26th Klatovy B 2018"]
[Site "Klatovy CZE"]
[Date "2018.07.02"]
[Round "3.47"]
[White "Studenovsky, Jaroslav 1974"]
[Black "Kovar, Michal"]
[Result "1-0"]
[WhiteElo "1000"]
[BlackElo "1492"]
[PlyCount "149"]
[EventDate "2018.06.30"]
[EventType "swiss"]
[EventRounds "9"]
[EventCountry "CZE"]

1. e4 d6 2. d4 Nf6 3. Nc3 g6 4. Nf3 Bg7 5. h3 O-O 6. Bc4 c6 7. d5 b5 8. Bd3 b4 9. Ne2 cxd5 10. exd5 Bb7 11. Bc4 Nbd7 12. Bb3 Qa5 13. c4 bxc3 14. Nxc3 Ne4 15. O-O Nxc3 16. Qd2 Bxd5 17. Bxd5 Qxd5 18. bxc3 Qxd2 19. Bxd2 Nc5 20. Rac1 Ne4 21. c4 Rab8 22. Be3 a6 23. Rc2 Rb7 24. Re1 Rfb8 25. Bd4 Rb1 26. Bxg7 Kxg7 27. Rce2 Rxe1+ 28. Rxe1 Nc3 29. Rxe7 Nxa2 30. Ra7 Nb4 31. Ng5 Rf8 32. Ne6+ Kg8 33. Nxf8 Kxf8 34. f3 Nd3 35. Rxa6 Ne5 36. Ra4 Ke7 37. Kf2 Ke6 38. Ke3 Nd7 39. Kd4 Nc5 40. Ra2 Nb3+ 41. Kc3 Nc5 42. Re2+ Kd7 43. Kd4 Ne6+ 44. Kc3 Kc6 45. g3 d5 46. f4 dxc4 47. Kxc4 Kd6 48. Ra2 Ke7 49. Ra5 Kf6 50. Kd3 h5 51. h4 Ng7 52. Ke4 Nf5 53. Ra6+ Kg7 54. Kf3 Nh6 55. Ke4 f5+ 56. Ke5 Ng4+ 57. Ke6 Nf2 58. Ra7+ Kh6 59. Kf7 Ne4 60. Ra8 Kh7 61. Ra6 Nxg3 62. Rxg6 Ne4 63. Re6 Nc5 64. Re5 Ne4 65. Ke6 Kg6 66. Rxf5 Nd2 67. Rg5+ Kh6 68. f5 Nf3 69. Rg8 Nxh4 70. f6 Kh7 71. f7 Ng6 72. Rxg6 Kxg6 73. f8=Q Kg5 74. Qf5+ Kh4 75. Qg6 1-0

[Event "26th Klatovy B 2018"]
[Site "Klatovy CZE"]
[Date "2018.07.02"]
[Round "3.48"]
[White "Jedlicka, Pavel"]
[Black "Dubnicka, Augustin 2000"]
[Result "0-1"]
[WhiteElo "1485"]
[BlackElo "1659"]
[PlyCount "102"]
[EventDate "2018.06.30"]
[EventType "swiss"]
[EventRounds "9"]
[EventCountry "CZE"]

1. d4 d5 2. f4 e6 3. e3 c5 4. Nf3 Nf6 5. c3 Nc6 6. Be2 Be7 7. O-O O-O 8. Ne5 Ne4 9. Nd2 f5 10. g4 cxd4 11. cxd4 Qb6 12. gxf5 exf5 13. Nxe4 fxe4 14. Bg4 Nxe5 15. dxe5 Qg6 16. Qxd5+ Kh8 17. Rf2 Qxg4+ 18. Rg2 Be6 19. Rxg4 Bxd5 20. Bd2 Rad8 21. Bc3 Be6 22. Rg2 g6 23. Bd4 b6 24. Rc1 Rc8 25. Bc3 Bb4 26. Rgc2 Bxc3 27. bxc3 Rfd8 28. c4 Rc5 29. Rc3 Rd3 30. Kf2 Rd2+ 31. Kg3 Rxa2 32. Rd1 Kg7 33. Rd4 Ra4 34. f5 gxf5 35. Rd6 Kf7 36. Rd8 Rcxc4 37. Rxc4 Bxc4 38. Rd7+ Ke6 39. Rxh7 Kxe5 40. Re7+ Kf6 41. Re8 b5 42. Rc8 Bf7 43. Kf4 b4 44. h4 Ra6 45. Rb8 Rb6 46. Ra8 b3 47. h5 Bxh5 48. Rh8 Bg6 49. Rf8+ Bf7 50. Ra8 b2 51. Rxa7 b1=Q 0-1